[Event "Titled Tue 3rd Jan Late"]
[Site "chess.com INT"]
[Date "2025.06.03"]
[Round "3"]
[White "Ristic, Nebojsa M"]
[Black "Zepeda Berlanga, Jan Enrique"]
[Result "1-0"]
[WhiteTitle "IM"]
[BlackTitle "CM"]
[WhiteElo "2248"]
[BlackElo "1941"]
[WhiteFideId "900850"]
[BlackFideId "5132355"]
[EventDate "2025.06.03"]

1. d4 Nf6 2. Bf4 d5 3. e3 c5 4. Nf3 Nc6 5. Nbd2 cxd4 6. exd4 Bf5 7. Be2 e6 8.
O-O Bd6 9. Bg3 O-O 10. c3 h6 11. Re1 Rc8 12. Qb3 Na5 13. Qa4 Bxg3 14. hxg3 Qb6
15. Qb5 Nc4 16. Qxb6 Nxb6 17. Ne5 Nfd7 18. Ndf3 f6 19. Nxd7 Nxd7 20. a4 a6 21.
Nh4 Bh7 22. Bg4 f5 23. Bh5 Rf6 24. f4 Nb6 25. Nf3 Nc4 26. Ne5 Rc7 27. Nxc4 Rxc4
28. a5 Kf8 29. Bf3 g5 30. Re5 Bg8 31. Ra3 g4 32. Be2 Rc7 33. Rb3 Ke7 34. Rb6 h5
35. Bd1 Kd7 36. Ba4+ Kc8 37. Bb3 Rc6 38. Rxc6+ bxc6 39. Bc2 Kc7 40. Bd3 Kb7 41.
Re1 Rf8 42. Ra1 Rb8 43. Kf2 Bf7 44. Ke3 Be8 45. Kd2 c5 46. dxc5 Bb5 47. Bxb5
axb5 48. a6+ Kc6 49. b4 Ra8 50. Kd3 1-0

[Event "Titled Tue 3rd Jan Late"]
[Site "chess.com INT"]
[Date "2025.06.03"]
[Round "3"]
[White "Shehzad, Shazil"]
[Black "Niemann, Hans Moke"]
[Result "0-1"]
[WhiteTitle "FM"]
[BlackTitle "GM"]
[WhiteElo "2354"]
[BlackElo "2736"]
[WhiteFideId "1521942"]
[BlackFideId "2093596"]
[EventDate "2025.06.03"]

1. d4 Nf6 2. Nf3 d5 3. Bf4 e6 4. e3 Bd6 5. Nbd2 O-O 6. Bd3 b6 7. Bxd6 cxd6 8.
O-O Bb7 9. a4 Nc6 10. c3 e5 11. dxe5 dxe5 12. e4 Qc7 13. Qe2 Rad8 14. Rad1 Rfe8
15. Rfe1 dxe4 16. Nxe4 Nd5 17. Neg5 h6 18. Nh3 e4 19. Bc2 Nf6 20. Rxd8 Qxd8 21.
Nd2 Ne5 22. Nxe4 Bxe4 23. Bxe4 Nxe4 24. Qxe4 Nf3+ 25. gxf3 Rxe4 26. Rxe4 Qd2 27.
Rb4 g5 28. Kg2 f5 29. Ng1 Kg7 30. a5 bxa5 31. Rb7+ Kg6 32. Rxa7 Qd5 33. h3 g4
34. Ra6+ Kg5 35. hxg4 fxg4 36. c4 Qe5 37. b3 h5 38. Rb6 Qc3 39. Rb5+ Kh4 40.
Rxa5 Qxa5 41. f4 Qa8+ 42. Kh2 Qe4 0-1

[Event "Titled Tue 3rd Jan Late"]
[Site "chess.com INT"]
[Date "2025.06.03"]
[Round "3"]
[White "Galchenko, Matvey"]
[Black "Rodriguez, Santiago"]
[Result "1-0"]
[WhiteTitle "IM"]
[BlackTitle "CM"]
[WhiteElo "2442"]
[BlackElo "2252"]
[WhiteFideId "24175480"]
[BlackFideId "3000591"]
[EventDate "2025.06.03"]

1. f4 d5 2. Nf3 Bg4 3. Ne5 h5 4. c4 dxc4 5. Qa4+ c6 6. Qxc4 e6 7. Nc3 Nf6 8. h3
Bf5 9. e4 Bh7 10. f5 Bd6 11. d4 Bxe5 12. dxe5 Nfd7 13. fxe6 Nxe5 14. exf7+ Nxf7
15. Qe6+ Qe7 16. Qxe7+ Kxe7 17. Bf4 Nd7 18. O-O-O Nfe5 19. Be2 Bg6 20. Bg5+ Ke6
21. Rd4 Raf8 22. Rhd1 Be8 23. Rd6+ Kf7 24. Be3 b6 25. Bd4 Rh6 26. Rxh6 gxh6 27.
Bxh5+ Ke6 28. Bxe8 Rxe8 29. Rf1 Rg8 30. g4 h5 31. gxh5 Rg5 32. Ne2 c5 33. Be3
Rg8 34. Nf4+ Kd6 35. Rd1+ Kc6 36. h6 Nf6 37. Nd5 Nxd5 38. Rxd5 Nc4 39. Bf4 Rg1+
40. Rd1 Rg8 41. b3 Na5 42. Be5 1-0

[Event "Titled Tue 3rd Jan Late"]
[Site "chess.com INT"]
[Date "2025.06.03"]
[Round "3"]
[White "Avila, Lucas"]
[Black "Torosyan, Volodya"]
[Result "1-0"]
[BlackTitle "CM"]
[WhiteElo "2182"]
[BlackElo "2186"]
[WhiteFideId "107751"]
[BlackFideId "13319051"]
[EventDate "2025.06.03"]

1. e4 c6 2. d4 d5 3. Nc3 dxe4 4. Nxe4 Nf6 5. Nxf6+ exf6 6. c3 Bd6 7. Bd3 O-O 8.
Qh5 g6 9. Qh4 Re8+ 10. Ne2 f5 11. Bg5 Qb6 12. O-O Qxb2 13. Rfb1 Qa3 14. Bc4 Be6
15. Bxe6 Rxe6 16. Nf4 Re8 17. Rxb7 Qxc3 18. Rf1 Re4 19. Rxf7 Kxf7 20. Qxh7+ Ke8
21. Qxg6+ Kd7 22. Qxf5+ Kc7 23. Qxe4 Nd7 24. Ne6+ Kc8 25. Rc1 Nf6 26. Qg6 Bxh2+
27. Kxh2 Ng4+ 28. Kg1 Qb2 29. Qe8+ Kb7 30. Qd7+ Ka6 31. Qxc6+ Ka5 32. Rc5+ Kb4
33. Qb5+ Ka3 34. Qa5# 1-0

[Event "Titled Tue 3rd Jan Late"]
[Site "chess.com INT"]
[Date "2025.06.03"]
[Round "3"]
[White "Vifleemskaia, Svetlana"]
[Black "Mizzi, Jack"]
[Result "0-1"]
[WhiteTitle "WFM"]
[BlackTitle "CM"]
[WhiteElo "1942"]
[BlackElo "2086"]
[WhiteFideId "4129490"]
[BlackFideId "5602521"]
[EventDate "2025.06.03"]

1. d4 Nf6 2. c4 e6 3. Nc3 Bb4 4. e3 d5 5. Ne2 O-O 6. a3 Bxc3+ 7. Nxc3 dxc4 8.
Bxc4 Nbd7 9. O-O c5 10. dxc5 Nxc5 11. b4 Qxd1 12. Rxd1 Ncd7 13. Bb2 a6 14. Rd6
b5 15. Bb3 Bb7 16. a4 bxa4 17. Nxa4 a5 18. Nc5 Nxc5 19. bxc5 Rfc8 20. Bd4 Ne4
21. Rb6 Bd5 22. Bxd5 exd5 23. c6 Nd2 24. Rb5 Rxc6 25. Rxd5 Nb3 26. Rd1 a4 27.
Bb2 h6 28. Rd8+ Rxd8 29. Rxd8+ Kh7 30. g4 Rc2 31. Ba3 Nd2 32. Ra8 Ra2 33. Bf8
Ne4 34. f3 Ng5 35. f4 Nf3+ 0-1

[Event "Titled Tue 3rd Jan Late"]
[Site "chess.com INT"]
[Date "2025.06.03"]
[Round "3"]
[White "Reprintsev, Alexander"]
[Black "Vlassov, Nikolai"]
[Result "0-1"]
[WhiteTitle "IM"]
[BlackTitle "IM"]
[WhiteElo "2256"]
[BlackElo "2291"]
[WhiteFideId "14100541"]
[BlackFideId "4103360"]
[EventDate "2025.06.03"]

1. e4 Nc6 2. Nf3 d5 3. exd5 Qxd5 4. Nc3 Qa5 5. Bb5 Bd7 6. d4 a6 7. Bc4 Bg4 8. h3
Qh5 9. O-O Bxf3 10. Qxf3 Qxf3 11. gxf3 Nxd4 12. Be3 Nxc2 13. Rad1 Nxe3 14. fxe3
e6 15. Ne4 Nf6 16. Nxf6+ gxf6 17. Kf2 Rd8 18. Rxd8+ Kxd8 19. Rg1 Bc5 20. a3 Ke7
21. b4 Bd6 22. f4 f5 23. Kf3 Kf6 24. Rg5 h6 25. Rg2 Rc8 26. Rc2 b5 27. Be2 c5
28. bxc5 Rxc5 29. Ra2 Rc3 30. a4 Rb3 0-1

[Event "Titled Tue 3rd Jan Late"]
[Site "chess.com INT"]
[Date "2025.06.03"]
[Round "3"]
[White "Ngo, Quang Thai"]
[Black "Vazelakis, Dimitrios"]
[Result "1-0"]
[WhiteElo "2341"]
[BlackElo "1857"]
[WhiteFideId "12403768"]
[BlackFideId "4203674"]
[EventDate "2025.06.03"]

1. Nf3 f5 2. c4 Nf6 3. Nc3 d6 4. e3 e5 5. d4 e4 6. Nd2 Be7 7. b3 O-O 8. Bb2 Nc6
9. Be2 a6 10. O-O Kh8 11. f3 exf3 12. Bxf3 Re8 13. Qc2 f4 14. d5 Nb4 15. Qb1
fxe3 16. Nde4 a5 17. a3 Na6 18. Qe1 Nc5 19. Nxc5 dxc5 20. Qxe3 Bf5 21. Rae1 Bd6
22. Qd2 Qd7 23. Nb5 Ng4 24. Nxd6 Qxd6 25. Bxg4 Bxg4 26. Rf7 Rxe1+ 27. Qxe1 Rg8
28. Qa1 Qg6 29. Bxg7+ Rxg7 30. Rf8# 1-0

[Event "Titled Tue 3rd Jan Late"]
[Site "chess.com INT"]
[Date "2025.06.03"]
[Round "3"]
[White "Sapocinic, Semion"]
[Black "Ibarra Jerez, Jose Carlos"]
[Result "0-1"]
[WhiteTitle "FM"]
[BlackTitle "GM"]
[WhiteElo "2309"]
[BlackElo "2545"]
[WhiteFideId "13908693"]
[BlackFideId "2226332"]
[EventDate "2025.06.03"]

1. d4 Nf6 2. c4 d6 3. Nc3 e5 4. Nf3 e4 5. Ng5 Qe7 6. Qc2 Bf5 7. f3 Nc6 8. d5 Nb8
9. Ngxe4 Bxe4 10. Nxe4 Nxe4 11. Qxe4 Qxe4 12. fxe4 Nd7 13. g3 g6 14. Bg2 Bg7 15.
Be3 Bxb2 16. Rb1 Bc3+ 17. Kd1 O-O-O 18. Kc2 Be5 19. Rhf1 f6 20. Bh3 Kb8 21. a4
Rhe8 22. Kd3 Re7 23. a5 Rde8 24. Rb3 f5 25. exf5 Bxg3 26. Bd4 Bxh2 27. f6 Ne5+
28. Bxe5 Rxe5 29. f7 Rf8 30. Be6 g5 31. Rfb1 b6 32. axb6 cxb6 33. Ra3 Bf4 34. e4
Bg3 35. Rba1 a5 36. c5 dxc5 37. Rb3 c4+ 38. Kxc4 Rxe4+ 39. Kb5 Kb7 40. Rc1 Bc7
41. Rh1 Ra8 42. Rxh7 a4 43. Rb1 Ra5# 0-1

[Event "Titled Tue 3rd Jan Late"]
[Site "chess.com INT"]
[Date "2025.06.03"]
[Round "3"]
[White "Caprio, Guido"]
[Black "Cornelisse, Lorelei"]
[Result "1-0"]
[WhiteTitle "IM"]
[BlackTitle "WFM"]
[WhiteElo "2435"]
[BlackElo "2132"]
[WhiteFideId "834580"]
[BlackFideId "1087177"]
[EventDate "2025.06.03"]

1. Nf3 g6 2. c4 Bg7 3. d4 f5 4. g3 d6 5. Bg2 Nf6 6. O-O O-O 7. Nc3 c6 8. b4 Na6
9. Qb3 Nc7 10. Bb2 h6 11. Rad1 Qe8 12. d5 Kh7 13. Nd4 cxd5 14. cxd5 Nh5 15. Qc4
Na6 16. a3 f4 17. Qd3 Bd7 18. Ne6 Rc8 19. Nxf8+ Qxf8 20. Rc1 Nc7 21. Ba1 Qf7 22.
Bf3 Nf6 23. Ne4 Bh3 24. Nxf6+ Bxf6 25. Bxf6 Bxf1 26. Bb2 Bh3 27. g4 h5 28. Qd4
Rg8 29. Rxc7 hxg4 30. Be4 f3 31. e3 g3 32. hxg3 Bc8 33. Bd3 Qf8 34. Qh4+ Qh6 35.
Rxe7+ 1-0

[Event "Titled Tue 3rd Jan Late"]
[Site "chess.com INT"]
[Date "2025.06.03"]
[Round "3"]
[White "Toroptseva, Yevheniia"]
[Black "Dovgaliuk, Oleksandr"]
[Result "0-1"]
[WhiteTitle "WFM"]
[WhiteElo "2064"]
[BlackElo "2240"]
[WhiteFideId "34109374"]
[BlackFideId "14167247"]
[EventDate "2025.06.03"]

1. c3 c6 2. g3 d5 3. Bg2 h5 4. d4 h4 5. Bf4 Nf6 6. Qc2 g6 7. Nd2 Bf5 8. e4 dxe4
9. Nxe4 Nbd7 10. Qe2 Nxe4 11. Bxe4 Bxe4 12. Qxe4 Nf6 13. Qf3 Qa5 14. Be5 Bg7 15.
Ne2 hxg3 16. fxg3 Qb5 17. O-O-O Qd5 18. Qxd5 cxd5 19. Nf4 e6 20. Nd3 O-O 21.
Bxf6 Bxf6 22. h4 Kg7 23. Rde1 Rh8 24. Kc2 Rh5 25. Nf4 Rh6 26. Kd3 Rah8 27. Rhf1
g5 28. hxg5 Bxg5 29. Ne2 Rh2 30. Rf3 Rg2 31. Ref1 f6 32. b3 Rhh2 33. Nf4 Rd2+
34. Ke3 Rhe2# 0-1

[Event "Titled Tue 3rd Jan Late"]
[Site "chess.com INT"]
[Date "2025.06.03"]
[Round "3"]
[White "Ezat, Mohamed"]
[Black "Zhigalko, Sergei"]
[Result "0-1"]
[WhiteTitle "IM"]
[BlackTitle "GM"]
[WhiteElo "2296"]
[BlackElo "2572"]
[WhiteFideId "10600906"]
[BlackFideId "13502956"]
[EventDate "2025.06.03"]

1. d4 Nf6 2. Nf3 e6 3. e3 b6 4. Bd3 Bb7 5. Nbd2 d5 6. O-O Bd6 7. b3 O-O 8. Bb2
c5 9. Ne5 Nc6 10. a3 Ne7 11. f4 Nf5 12. Qe2 Be7 13. Rad1 Rc8 14. g4 Nd6 15. g5
Nfe4 16. Bxe4 dxe4 17. dxc5 Rxc5 18. c4 Qc8 19. b4 Rc7 20. Kh1 Rd8 21. Rg1 Nf5
22. Ng4 Rd3 23. Nf6+ Bxf6 24. gxf6 g6 25. Nf1 Rxc4 26. Be5 Rc2 27. Qe1 Qc4 28.
h3 Qa2 29. Ra1 Qd5 30. Rc1 Qc4 31. Rxc2 Qxc2 32. Rg2 Qb3 33. Rd2 h6 34. Kh2 Qxa3 0-1

[Event "Titled Tue 3rd Jan Late"]
[Site "chess.com INT"]
[Date "2025.06.03"]
[Round "3"]
[White "Maglioni, Leonardo"]
[Black "Cernov, Henrik"]
[Result "0-1"]
[BlackTitle "FM"]
[WhiteElo "2069"]
[BlackElo "2325"]
[WhiteFideId "2896830"]
[BlackFideId "16258312"]
[EventDate "2025.06.03"]

1. d4 Nf6 2. Bf4 c5 3. c3 Qb6 4. Qb3 e6 5. Qxb6 axb6 6. e3 Nc6 7. Nf3 d5 8. Nbd2
Bd7 9. Bd3 cxd4 10. cxd4 Nb4 11. Bb1 Bb5 12. Ne5 Bd6 13. Nb3 Bxe5 14. Bxe5 Nd3+
15. Bxd3 Bxd3 16. Bxf6 gxf6 17. Kd2 Bc4 18. Nc1 Ke7 19. b3 Bb5 20. Nd3 Kd6 21.
Rhc1 e5 22. g3 exd4 23. exd4 Rhe8 24. Nf4 Re4 25. Rd1 Rxd4+ 26. Kc3 Rxd1 27.
Rxd1 Bc6 28. a4 Kc5 29. Re1 Kd6 30. Kd4 Ra5 31. Nh5 b5 32. axb5 Rxb5 33. Kc3 d4+
34. Kxd4 Rxh5 35. h4 Rd5+ 36. Kc3 Re5 37. Rd1+ Kc5 38. b4+ Kb5 39. Ra1 Re2 40.
Ra5+ Kb6 41. Rf5 Rc2+ 42. Kd4 Rd2+ 43. Ke3 Rd6 44. Kf4 Bd7 45. Rh5 Rd4+ 46. Ke3
Rxb4 47. Rxh7 Be6 48. h5 Rb1 49. Kf3 Rh1 50. Kg2 Bd5+ 51. f3 Re1 52. Rh6 Re2+
53. Kf1 Rh2 54. Rxf6+ Kc5 55. g4 b5 56. Rf4 b4 57. Ke1 b3 58. Ra4 b2 59. Ra5+
Kb6 60. Rxd5 b1=Q+ 61. Rd1 Rh1+ 0-1

[Event "Titled Tue 3rd Jan Late"]
[Site "chess.com INT"]
[Date "2025.06.03"]
[Round "3"]
[White "Daspres, Loic"]
[Black "Mai, Alexander Oliver"]
[Result "0-1"]
[WhiteTitle "CM"]
[WhiteElo "2207"]
[BlackElo "2171"]
[WhiteFideId "20612281"]
[BlackFideId "2313391"]
[EventDate "2025.06.03"]

1. e4 e5 2. Nf3 Nc6 3. Bb5 a6 4. Ba4 Nf6 5. d3 b5 6. Bb3 Bc5 7. a4 Rb8 8. axb5
axb5 9. Nc3 h6 10. Nd5 d6 11. Be3 Bxe3 12. Nxe3 O-O 13. h3 Ne7 14. Qd2 Ng6 15.
Qa5 Nf4 16. Nh4 Nxe4 17. dxe4 Qxh4 18. g3 Qh5 19. gxf4 exf4 20. Nd5 Qf3 21. Rg1
Qxe4+ 22. Kd2 Qd4+ 23. Kc1 Qxf2 24. Rd1 Bxh3 25. Qxc7 Bg4 26. Ne7+ Kh8 27. Rh1
Bf3 28. Rxh6+ gxh6 29. Qc3+ Kh7 30. Qd3+ f5 31. c4 Qe3+ 32. Qxe3 fxe3 33. Bc2
Be4 34. Bxe4 fxe4 35. Kc2 Rf2+ 0-1

[Event "Titled Tue 3rd Jan Late"]
[Site "chess.com INT"]
[Date "2025.06.03"]
[Round "3"]
[White "Deng, Henry"]
[Black "Harvey, Marcus R"]
[Result "1-0"]
[WhiteTitle "FM"]
[BlackTitle "IM"]
[WhiteElo "2327"]
[BlackElo "2447"]
[WhiteFideId "30965454"]
[BlackFideId "400092"]
[EventDate "2025.06.03"]

1. Nf3 Nf6 2. b3 g6 3. Bb2 Bg7 4. e3 O-O 5. d4 b6 6. Be2 Bb7 7. O-O d6 8. c4 e6
9. Nc3 Ne4 10. Nxe4 Bxe4 11. Nd2 Bb7 12. Bf3 c6 13. Rc1 Nd7 14. Ba3 Nf6 15. e4
c5 16. d5 Nd7 17. g3 Ne5 18. Bg2 Nd3 19. Rb1 a6 20. Nf3 Ne5 21. Bc1 Nxf3+ 22.
Bxf3 b5 23. Bg2 Rb8 24. Qd3 e5 25. f4 exf4 26. Bxf4 Bc8 27. Rbe1 Re8 28. Qf3 Qe7
29. Bxd6 Bd4+ 30. Kh1 Bg4 31. Qf4 g5 32. Qxg4 Qxd6 33. Qxg5+ Qg6 34. Qh4 bxc4
35. bxc4 Rb2 36. Rf4 h5 37. Ref1 Reb8 38. Rf5 Bg7 39. Rg5 Qb6 40. Qxh5 Rb1 41.
Qxf7+ 1-0

[Event "Titled Tue 3rd Jan Late"]
[Site "chess.com INT"]
[Date "2025.06.03"]
[Round "3"]
[White "Leon Acevedo, Juan Alejandro"]
[Black "Rajanish, Adhvaith"]
[Result "0-1"]
[WhiteTitle "CM"]
[WhiteElo "2040"]
[BlackElo "2084"]
[WhiteFideId "4459261"]
[BlackFideId "30946719"]
[EventDate "2025.06.03"]

1. d4 Nf6 2. c4 e6 3. Nf3 Bb4+ 4. Nbd2 c5 5. e3 cxd4 6. exd4 O-O 7. a3 Be7 8.
Bd3 d5 9. O-O b6 10. Ne5 dxc4 11. Ndxc4 Bb7 12. Bg5 Nc6 13. Nxc6 Bxc6 14. Ne5
Bb7 15. Bc2 Qd5 16. Nf3 Rfd8 17. Qd3 h6 18. Bh4 Qh5 19. Bxf6 Bxf6 20. Qh7+ Kf8
21. Ne5 Rxd4 22. Ng6+ fxg6 23. Bxg6 Qg5 24. g3 Qd5 25. f3 Rd2 26. Rac1 Qd4+ 27.
Kh1 Qxb2 28. Qh8+ Ke7 29. Rc7+ Kd6 0-1

[Event "Titled Tue 3rd Jan Late"]
[Site "chess.com INT"]
[Date "2025.06.03"]
[Round "3"]
[White "Deichmann, Esteban Horacio"]
[Black "Gharibyan, Mamikon"]
[Result "0-1"]
[BlackTitle "GM"]
[WhiteElo "2085"]
[BlackElo "2472"]
[WhiteFideId "167410"]
[BlackFideId "13308300"]
[EventDate "2025.06.03"]

1. e4 e6 2. d4 d5 3. exd5 exd5 4. Qf3 c5 5. dxc5 Bxc5 6. Bb5+ Nc6 7. Nc3 Ne7 8.
Nge2 d4 9. Ne4 Qa5+ 10. b4 Qxb4+ 11. N2c3 dxc3 12. Be3 Bxe3 13. Qxe3 O-O 14. Bd3
Nf5 15. Qh3 Ne5 16. O-O Nxd3 17. Qxd3 Be6 18. Rab1 Qd4 19. Qf3 Bd5 20. Rfe1 Rae8
21. Nf6+ Qxf6 22. Qxd5 Rxe1+ 23. Rxe1 b6 24. h3 h5 25. Re5 g6 26. g4 Rd8 27. Qe4
Rd1+ 28. Kh2 Nh4 29. Re8+ Kh7 30. f4 Rd2+ 31. Kh1 hxg4 32. hxg4 Nf5 33. Kg1 Qh4
34. Qf3 Qh2+ 35. Kf1 Ng3+ 36. Ke1 Qg1+ 0-1

[Event "Titled Tue 3rd Jan Late"]
[Site "chess.com INT"]
[Date "2025.06.03"]
[Round "3"]
[White "Blackburn, Jonathan L B"]
[Black "Frempong-Smart Daniel"]
[Result "1-0"]
[WhiteTitle "FM"]
[BlackTitle "CM"]
[WhiteElo "2200"]
[BlackElo "1841"]
[WhiteFideId "1801090"]
[BlackFideId "12601659"]
[EventDate "2025.06.03"]

1. c4 e6 2. Nc3 d5 3. d4 Nf6 4. Bg5 Bb4 5. e3 O-O 6. Qc2 h6 7. Bh4 Nbd7 8. Bd3
b6 9. cxd5 exd5 10. Ne2 c5 11. O-O Bb7 12. Bf5 Re8 13. Bxd7 Qxd7 14. Bxf6 gxf6
15. a3 Ba5 16. Na4 c4 17. Ng3 Qg4 18. h3 Qg6 19. Qe2 b5 20. Nc5 Bc8 21. Qf3 Be6
22. Nh5 f5 23. Nf4 Qf6 24. Nxd5 Bxd5 25. Qxd5 Rad8 26. Qf3 Bb6 27. b4 cxb3 28.
Nxb3 a6 29. a4 Rc8 30. axb5 axb5 31. Ra6 Rc3 32. Nc5 Qd8 33. Qxf5 Bxc5 34. dxc5 1-0

[Event "Titled Tue 3rd Jan Late"]
[Site "chess.com INT"]
[Date "2025.06.03"]
[Round "3"]
[White "Reinecke, Katharina"]
[Black "Mafra, Kaiser Luiz"]
[Result "0-1"]
[WhiteTitle "WCM"]
[BlackTitle "CM"]
[WhiteElo "1921"]
[BlackElo "2094"]
[WhiteFideId "12929727"]
[BlackFideId "2106698"]
[EventDate "2025.06.03"]

1. d4 Nf6 2. Nf3 g6 3. g3 Bg7 4. Bg2 O-O 5. O-O d6 6. c4 Nbd7 7. Nc3 c5 8. e4
cxd4 9. Nxd4 a6 10. h3 Rb8 11. Be3 Qa5 12. a3 Qc7 13. Rc1 Ne5 14. Nd5 Qd8 15. f4
Nc6 16. b4 Nh5 17. Kh2 e6 18. Nc3 e5 19. Nf3 exf4 20. gxf4 f5 21. e5 dxe5 22.
fxe5 Nxe5 23. Qd5+ Qxd5 24. Nxd5 Be6 25. Ng5 Bf7 26. Nxf7 Rxf7 27. Bc5 Nd3 28.
Bd6 Rd8 29. Ne7+ Kh8 30. c5 Nxc1 31. Rxc1 Bf6 32. Bxb7 Bxe7 33. Bxe7 Rd2+ 34.
Kg1 Rxe7 35. c6 Rc7 36. Bxa6 Nf4 37. b5 Ne2+ 38. Kf1 Nxc1 39. Bb7 Rb2 40. a4 Nd3
41. b6 Rxb6 0-1

[Event "Titled Tue 3rd Jan Late"]
[Site "chess.com INT"]
[Date "2025.06.03"]
[Round "3"]
[White "Volkov, Maksim"]
[Black "Sivakumar, Ashvin"]
[Result "1-0"]
[WhiteTitle "FM"]
[BlackTitle "FM"]
[WhiteElo "2370"]
[BlackElo "2175"]
[WhiteFideId "54123070"]
[BlackFideId "5804655"]
[EventDate "2025.06.03"]

1. e4 c5 2. Nf3 d6 3. d4 cxd4 4. Nxd4 Nc6 5. c4 e6 6. Nc3 Nf6 7. Be3 Be7 8. Be2
O-O 9. O-O a6 10. Rc1 Qa5 11. f4 Bd7 12. Nb3 Qc7 13. g4 Rfd8 14. g5 Ne8 15. Rf3
Na5 16. Nxa5 Qxa5 17. Rh3 Bc6 18. Bd3 g6 19. Qe1 Ng7 20. Kg2 d5 21. Nxd5 Qxe1
22. Nxe7+ Kf8 23. Rxe1 Kxe7 24. Bc2 Nf5 25. Bc5+ Ke8 26. Rxh7 Rd2+ 27. Kg1 b6
28. exf5 gxf5 29. Rh8+ Kd7 30. Rxa8 Bxa8 31. Ba4+ Kc7 32. Be3 Rg2+ 33. Kf1 Rxb2
34. Re2 Rb4 35. Bb3 Be4 36. Bd2 Rxb3 37. axb3 Bd3 38. Kf2 1-0

[Event "Titled Tue 3rd Jan Late"]
[Site "chess.com INT"]
[Date "2025.06.03"]
[Round "3"]
[White "Shandrygin, Nikita"]
[Black "Belov, Alexei"]
[Result "1-0"]
[WhiteTitle "FM"]
[BlackTitle "IM"]
[WhiteElo "2209"]
[BlackElo "2421"]
[WhiteFideId "24198668"]
[BlackFideId "4128206"]
[EventDate "2025.06.03"]

1. e4 e6 2. d4 d5 3. Nd2 Nf6 4. e5 Ne4 5. Nxe4 dxe4 6. Be3 c5 7. dxc5 Nd7 8. f4
exf3 9. Nxf3 Qc7 10. b4 b6 11. Bb5 bxc5 12. O-O cxb4 13. Qd4 Qb6 14. Qd3 Bc5 15.
Bxc5 Qxc5+ 16. Kh1 a6 17. Ba4 h6 18. Rad1 Ra7 19. c4 bxc3 20. Rc1 Rc7 21. Rfd1
Qc4 22. Qc2 O-O 23. Rd4 Qc5 24. Qe2 f6 25. exf6 Rxf6 26. Bc2 Rxf3 27. Qxe6+ Kh8
28. gxf3 Nf6 29. Qd6 Qxd6 30. Rxd6 Bb7 31. Rd8+ Ng8 32. Bb3 1-0

[Event "Titled Tue 3rd Jan Late"]
[Site "chess.com INT"]
[Date "2025.06.03"]
[Round "3"]
[White "Ivashentseva, Dominika"]
[Black "Diaz Cesar, Wilsaida Pieranlly"]
[Result "1-0"]
[WhiteTitle "WCM"]
[BlackTitle "WFM"]
[WhiteElo "1921"]
[BlackElo "1892"]
[WhiteFideId "34331050"]
[BlackFideId "6403557"]
[EventDate "2025.06.03"]

1. d4 d5 2. c4 e6 3. Nf3 c6 4. g3 Nf6 5. Bg2 Be7 6. O-O O-O 7. cxd5 exd5 8. Nc3
Bf5 9. Re1 h6 10. Bf4 Nbd7 11. Ne5 Qb6 12. Nxd7 Nxd7 13. Qd2 Nf6 14. Be5 Rfe8
15. e4 dxe4 16. Nxe4 Nxe4 17. Bxe4 Bxe4 18. Rxe4 Rad8 19. Qe2 c5 20. dxc5 Bxc5
21. Rf1 Qe6 22. Re1 Qb6 23. Qf3 f6 24. Bc3 Rxe4 25. Rxe4 Qd6 26. Kg2 Kf7 27. Re2
Qd5 28. Re4 Re8 29. Rxe8 Qxf3+ 30. Kxf3 Kxe8 31. Be1 Kf7 32. Ke4 Ke6 33. f4 f5+
34. Kd3 h5 35. h3 g6 36. Kc4 Kd6 37. b4 Be3 38. a4 Kc6 39. a5 Kd6 40. Kd3 a6 41.
Kxe3 Kc6 42. Kd4 Kb5 43. Ke5 1-0

[Event "Titled Tue 3rd Jan Late"]
[Site "chess.com INT"]
[Date "2025.06.03"]
[Round "3"]
[White "Rustemov, Alexander"]
[Black "Kovacsy, Barnabas"]
[Result "1-0"]
[WhiteTitle "GM"]
[BlackTitle "FM"]
[WhiteElo "2525"]
[BlackElo "2252"]
[WhiteFideId "4119002"]
[BlackFideId "769290"]
[EventDate "2025.06.03"]

1. d4 Nf6 2. c4 b6 3. Nf3 Bb7 4. Nc3 g6 5. Bf4 Bg7 6. e3 O-O 7. Be2 d5 8. O-O c5
9. dxc5 bxc5 10. cxd5 Nxd5 11. Nxd5 Qxd5 12. Qxd5 Bxd5 13. Be5 Nd7 14. Bxg7 Kxg7
15. Nd2 Rfb8 16. b3 a5 17. Bc4 Bxc4 18. Nxc4 a4 19. Nd2 Rb7 20. Rfc1 axb3 21.
axb3 Rxa1 22. Rxa1 f5 23. Kf1 Kf6 24. Ke2 Ne5 25. Ra6+ e6 26. f4 Nd7 27. Kd3 Ke7
28. Kc2 e5 29. Nc4 exf4 30. exf4 Nf6 31. g3 Ne4 32. Ne5 Kf8 33. Nd3 Ke7 34. Rc6
Rb5 35. Rc7+ Kf6 36. Rxh7 c4 37. bxc4 Rc5 38. Nxc5 1-0

[Event "Titled Tue 3rd Jan Late"]
[Site "chess.com INT"]
[Date "2025.06.03"]
[Round "3"]
[White "Golizadeh, Asghar"]
[Black "Sharankov, Grigory"]
[Result "1-0"]
[WhiteTitle "GM"]
[BlackTitle "CM"]
[WhiteElo "2457"]
[BlackElo "2238"]
[WhiteFideId "12505269"]
[BlackFideId "4168356"]
[EventDate "2025.06.03"]

1. e4 e6 2. d4 d5 3. e5 c5 4. c3 Nc6 5. Nf3 Qb6 6. Bd3 cxd4 7. O-O Bd7 8. a3 Rc8
9. cxd4 Nxd4 10. Nxd4 Qxd4 11. Nc3 a6 12. Be3 Qh4 13. g3 Qd8 14. Na4 Bxa4 15.
Qxa4+ Qd7 16. Qa5 Ne7 17. Rac1 Nc6 18. Qb6 Be7 19. f4 O-O 20. Rc2 Bd8 21. Qc5 d4
22. Bf2 Be7 23. Qb6 Bd8 24. Qb3 Na5 25. Qb4 Rxc2 26. Bxc2 Nc6 27. Qc4 Bb6 28.
Qd3 g6 29. Ba4 Rd8 30. Rc1 Qd5 31. Bd1 Ne7 32. Bf3 Qd7 33. Rc4 Nf5 34. g4 Ne3
35. Rb4 Bc5 36. Rxb7 Qa4 37. Bxe3 1-0

[Event "Titled Tue 3rd Jan Late"]
[Site "chess.com INT"]
[Date "2025.06.03"]
[Round "3"]
[White "Mika, Tomasz"]
[Black "Goryachkina, Aleksandra"]
[Result "0-1"]
[WhiteTitle "CM"]
[BlackTitle "GM"]
[WhiteElo "2227"]
[BlackElo "2544"]
[WhiteFideId "1132970"]
[BlackFideId "4147103"]
[EventDate "2025.06.03"]

1. e4 c5 2. Nf3 d6 3. d4 cxd4 4. Nxd4 Nf6 5. Nc3 Nc6 6. Bc4 e6 7. Be3 a6 8. Qe2
Qc7 9. O-O-O Na5 10. Bd3 b5 11. g4 b4 12. Na4 Bd7 13. b3 Bxa4 14. bxa4 Be7 15.
g5 Nd7 16. Bxa6 O-O 17. Bb5 Nc5 18. f3 b3 19. axb3 Ncxb3+ 20. Nxb3 Nxb3+ 21. Kb2
Nc5 22. Ra1 d5 23. exd5 Qe5+ 24. c3 Qxd5 25. Bxc5 Qxc5 26. h4 Rfc8 27. Qd3 g6
28. Qd4 Qc7 29. Rhd1 Bf8 30. Rd3 Bg7 31. Qe3 Qh2+ 32. Kb3 Qxh4 33. Rad1 Rcb8 34.
c4 Qh2 35. R1d2 Qc7 36. f4 Qa5 37. Qe4 Qxa4# 0-1